Corto cuentos / (Registro nro. 30677)
[ vista simple ]
| 000 -LEADER | |
|---|---|
| fixed length control field | 00248nam a22000977a 4500 |
| 008 - FIXED-LENGTH DATA ELEMENTS--GENERAL INFORMATION | |
| fixed length control field | 240220b |||||||| |||| 00| 0 eng d |
| 082 ## - DEWEY DECIMAL CLASSIFICATION NUMBER | |
| Classification number | DG EUR |
| Item number | CREC |
| 100 ## - MAIN ENTRY--PERSONAL NAME | |
| Personal name | Crespo, Borja |
| Relator term | autor |
| 9 (RLIN) | 43477 |
| 245 ## - TITLE STATEMENT | |
| Title | Corto cuentos / |
| Statement of responsibility, etc. | Borja Crespo |
| 942 ## - ADDED ENTRY ELEMENTS (KOHA) | |
| Source of classification or shelving scheme | Dewey Decimal Classification |
| Withdrawn status | Lost status | Source of classification or shelving scheme | Damaged status | Not for loan | Home library | Current library | Shelving location | Date acquired | Total Checkouts | Full call number | Barcode | Date last seen | Date last checked out | Copy number | Price effective from | Koha item type | Public note |
|---|---|---|---|---|---|---|---|---|---|---|---|---|---|---|---|---|---|
| Dewey Decimal Classification | Biblored | Biblioteca Pública José María del Castillo y Rada | Fiction | 02/16/2024 | 1 | DG EUR CREC | 35714005518157 | 04/29/2024 | 04/23/2024 | Ej.1 | 02/20/2024 | Books | Material Interbibliotecario BibloRed |